000 00788nam a22002057a 4500
999 _c3339
_d3339
003 AR-CdUCM
008 190306b ||||| |||| 00| 0 spa d
020 _a84-7232-438-9
040 _aMUNICIPALIDAD PROVINCIAL DEL CUSCO
_cBIBLIOTECA MUNICIPAL DEL CUSCO
082 _a869.75 /
_bC13U
110 _aInstituto de Cooperación Iberoamericana
_94266
245 _aArturo Uslar Pietri /
260 _aMadrid :
_bEdic.Cultura Hispánica,
_c1988.
300 _a122 paginas ;
_c20 cm.
505 _aContenido :El intelectual y la política - Arturo Uslar Pietri, periodista - Génesis y desarrollo del realismo mágico - La identidad del nuevo mundo en el ensayo de Uslar Pietri /
650 _aLiteratura venezolana
_96294
650 _aSiglo XX
_98
942 _2ddc
_cLIBROS
945 _arjall